Statistiques concernant Quiz Rap FR #1

Cliquez ici pour prendre le quiz!

Statistiques générales

  • Ce quiz a été pris 3 361 fois
  • Le résultat moyen est 14 sur 26

Statistiques - réponses

LettreEnigmeRéponse% Correct
AOn me surnomme B2OBooba
97%
GJe suis LE MARSEILLAISJul
97%
FJe suis polonaisPLK
91%
XCharo c'est charoNiska
89%
ZLe bat 7, c'est chez luiKoba la D
86%
DJe suis le createur du 667Freeze Corleone
83%
LComme H puis j'ai fait parti du s-crewNekfeu
83%
W"Salut c'est ...., swipe up pour découvrir ma nouvelle mixtape!"Ninho
80%
RIls viennent de Toulouse et n'ont pas la tête de l'emploiBigflo et Oli
79%
IUn bob, des lunettes et son potoLorenzo
78%
CJe suis youtubeurMister V
76%
POriginaire de Caen, il a inventé un style de rapOrelsan
71%
EJe suis l'ennemi de AKaaris
69%
QL'Empereur, l'aigle de Carthage, le dévoreurAlkpote
47%
NPas besoin de skyrock, juste d'une plumeAlpha Wann
45%
MCréateurs de High&Fines HerbesCaballero et JeanJass
39%
OLe plus mowgli de tousMoha La Squale
35%
JA commencé des études de médecines et a arreté pour se niquer la santéVald
28%
YCavale sur cavale, il déverse son energie dans ses sonsMister You
26%
VFait partie du même collectif que DOsirus Jack
23%
BJe suis passé dans une vidéo de joycaLuv Resval
22%
TA longtemps été accusé de copier L sur son style(musical et physique)Django
21%
HJ'ai commencer par le RCJazzy Bazz
21%
SUn des 1er feat de GSoso Maness
20%
KA fait un Qui-est-ce avec TheodortZuukou Mayzie
17%
UAncien d'un collectif, le rap old school est toujours sont fortHugo TSR
11%

Distribution des résultats

Percentile par nombre de réponses

% des personnes avec chaque résultat

Votre développement - résultats

Vous n’avez pas pris ce quiz